[Event "CZE-ch U10"]
[Site "Teplice"]
[Date "2023.03.18"]
[Round "9"]
[White "Fadrny, Jachym"]
[Black "Gernert, Tomas"]
[Result "1-0"]
[WhiteElo "1279"]
[BlackElo "1362"]
[PlyCount "77"]
[EventDate "2023.03.11"]
[EventType "swiss"]
[EventRounds "9"]
[EventCountry "CZE"]
[SourceTitle "CBM 213 Extra"]
[Source "ChessBase"]
[SourceDate "2023.05.31"]
[SourceVersion "1"]
[SourceVersionDate "2023.05.31"]
[SourceQuality "1"]

1. e4 g6 2. d4 Bg7 3. Nf3 c5 4. dxc5 Qa5+ 5. c3 Qxc5 6. Be3 Qc7 7. Nbd2 Nf6 8. Bd3 b6 9. 0-0 Bb7 10. Qe2 0-0 11. Rac1 d5 12. e5 Ng4 13. Bd4 Nc6 14. Rfe1 f6 15. e6 Nce5 16. h3 Nxf3+ 17. Nxf3 Nh6 18. Bc2 Kh8 19. Qd2 Ng8 20. Be3 Bc8 21. Qxd5 Bb7 22. Qd1 Rfd8 23. Bd4 f5 24. Ng5 Nh6 25. Bxg7+ Kxg7 26. Qe2 Rd6 27. Qe5+ Kg8 28. Nf7 Nxf7 29. exf7+ Kxf7 30. Bb3+ Ke8 31. Qh8+ Kd7 32. Qxh7 Re8 33. Bf7 f4 34. Bxe8+ Kxe8 35. Rcd1 f3 36. Qg8+ Kd7 37. Qe6+ Kc6 38. Qc4+ Kd7 39. Rxe7+ 1-0

[Event "CZE-ch U10"]
[Site "Teplice"]
[Date "2023.03.15"]
[Round "6"]
[White "Gernert, Tomas"]
[Black "Koutecky, Vaclav1111"]
[Result "1-0"]
[WhiteElo "1362"]
[BlackElo "1327"]
[PlyCount "65"]
[EventDate "2023.03.11"]
[EventType "swiss"]
[EventRounds "9"]
[EventCountry "CZE"]
[SourceTitle "CBM 213 Extra"]
[Source "ChessBase"]
[SourceDate "2023.05.31"]
[SourceVersion "1"]
[SourceVersionDate "2023.05.31"]
[SourceQuality "1"]

1. c4 e5 2. Nc3 Nf6 3. g3 Nc6 4. Bg2 Bc5 5. e4 d6 6. Nge2 Bg4 7. h3 Be6 8. d3 h6 9. 0-0 Qd7 10. Nd5 Bxh3 11. Nxc7+ Ke7 12. Nxa8 Rxa8 13. Be3 Bb6 14. Rc1 Rg8 15. d4 g5 16. c5 Bc7 17. d5 Nb8 18. Qc2 Na6 19. c6 bxc6 20. Qxc6 Bxg2 21. Kxg2 Qc8 22. b4 Nxb4 23. Qxc7+ Qxc7 24. Rxc7+ Nd7 25. Bd2 Na6 26. Rxa7 Nac5 27. f3 g4 28. Bxh6 gxf3+ 29. Kxf3 Rg6 30. Be3 Rf6+ 31. Kg2 Rg6 32. Bxc5 dxc5 33. a4 1-0

[Event "CZE-ch U10"]
[Site "Teplice"]
[Date "2023.03.13"]
[Round "4"]
[White "Gernert, Tomas"]
[Black "Kroulik, Stepan"]
[Result "0-1"]
[WhiteElo "1362"]
[BlackElo "1228"]
[PlyCount "92"]
[EventDate "2023.03.11"]
[EventType "swiss"]
[EventRounds "9"]
[EventCountry "CZE"]
[SourceTitle "CBM 213 Extra"]
[Source "ChessBase"]
[SourceDate "2023.05.31"]
[SourceVersion "1"]
[SourceVersionDate "2023.05.31"]
[SourceQuality "1"]

1. e4 c5 2. Nf3 Nc6 3. d4 cxd4 4. Nxd4 Nf6 5. Nc3 e6 6. Be3 Bb4 7. Qd2 Nxe4 8. Qd3 Nc5 9. Qd1 0-0 10. a3 Bxc3+ 11. bxc3 Qa5 12. Nxc6 bxc6 13. Qd4 Na4 14. Bd2 Nb6 15. c4 Qa4 16. Bc3 f6 17. Bd3 d5 18. Qh4 h6 19. Bb4 Rd8 20. Qg3 Nxc4 21. Be7 Rd7 22. Bxf6 Qa5+ 23. c3 Rf7 24. Be5 Nxe5 25. Qxe5 c5 26. 0-0 Qc7 27. f4 Qxe5 28. fxe5 Rxf1+ 29. Rxf1 Rb8 30. Rf3 Rb3 31. a4 Ra3 32. Bb5 Ra2 33. h3 a6 34. Be8 Re2 35. Rf7 a5 36. Bb5 Kxf7 37. Bxe2 Kg6 38. Bd3+ Kg5 39. g3 h5 40. Kf2 h4 41. Kf3 Bd7 42. Bc2 hxg3 43. Kxg3 Be8 44. h4+ Kh6 45. Kg4 Bg6 46. Bd1 Bh5+ 0-1

[Event "CZE-ch U10"]
[Site "Teplice"]
[Date "2023.03.13"]
[Round "3"]
[White "Trejbal, Jindrich1111"]
[Black "Gernert, Tomas"]
[Result "1-0"]
[WhiteElo "1254"]
[BlackElo "1362"]
[PlyCount "43"]
[EventDate "2023.03.11"]
[EventType "swiss"]
[EventRounds "9"]
[EventCountry "CZE"]
[SourceTitle "CBM 213 Extra"]
[Source "ChessBase"]
[SourceDate "2023.05.31"]
[SourceVersion "1"]
[SourceVersionDate "2023.05.31"]
[SourceQuality "1"]

1. Nf3 d5 2. c4 c6 3. e3 Bg4 4. h3 Bh5 5. Nc3 Nf6 6. Be2 Bxf3 7. Bxf3 dxc4 8. Be2 b5 9. 0-0 e5 10. b3 cxb3 11. Qxb3 Bc5 12. Ba3 Qd6 13. Bxc5 Qxc5 14. Rac1 Qd6 15. Nxb5 Qd8 16. Nd6+ Qxd6 17. Qb7 0-0 18. Qxa8 Qc7 19. Rb1 Ne4 20. Qb7 Qc8 21. Qxc8 Rxc8 22. Rfd1 1-0

[Event "CZE-ch U10"]
[Site "Teplice"]
[Date "2023.03.11"]
[Round "1"]
[White "Broz, Pavel1111"]
[Black "Gernert, Tomas"]
[Result "0-1"]
[WhiteElo "1107"]
[BlackElo "1362"]
[PlyCount "54"]
[EventDate "2023.03.11"]
[EventType "swiss"]
[EventRounds "9"]
[EventCountry "CZE"]
[SourceTitle "CBM 213 Extra"]
[Source "ChessBase"]
[SourceDate "2023.05.31"]
[SourceVersion "1"]
[SourceVersionDate "2023.05.31"]
[SourceQuality "1"]

1. e4 c5 2. Nf3 Nc6 3. c3 d5 4. e5 Bg4 5. d3 Nxe5 6. Be2 Nxf3+ 7. Bxf3 Bxf3 8. Qxf3 Nf6 9. Bf4 e6 10. Nd2 Bd6 11. 0-0 0-0 12. Bg5 Be7 13. Rac1 b5 14. c4 dxc4 15. dxc4 h6 16. Bxf6 Bxf6 17. Nb3 bxc4 18. Rxc4 Bxb2 19. Rxc5 a5 20. Rd1 Qb6 21. Rc6 Qb4 22. Rc2 Bf6 23. Nd2 Rab8 24. a3 Qa4 25. Rc4 Qb5 26. Rg4 Bg5 27. Ne4 f5 0-1